|
|
|
|
| LEADER |
00000nam a2200000 a 4500 |
| 001 |
vtls008850639 |
| 003 |
SK-MaSNL |
| 005 |
20260301165717.0 |
| 007 |
co cgu auuua |
| 008 |
060929s2005 xo fsa 100 0 slo |
| 015 |
|
|
|a SNBS2005
|
| 020 |
|
|
|a 8022814458
|
| 040 |
|
|
|a SNK
|b slo
|c SNK
|e AACR2
|
| 041 |
0 |
|
|a slo
|
| 044 |
|
|
|a xo
|c SK
|
| 072 |
|
7 |
|a 674
|x Drevo. Drevársky priemysel
|2 konspekt
|
| 080 |
|
|
|a 339.727.22
|2 2001
|
| 080 |
|
|
|a 674
|2 2001
|
| 080 |
|
|
|a (048.3)
|2 2001
|
| 080 |
|
|
|a (063)
|2 2001
|
| 080 |
|
|
|a (0.034.44)
|2 2001
|
| 245 |
0 |
0 |
|a Priame zahraničné investície v drevospracujúcom priemysle
|h elektronický zdroj
|b zborník referátov : Zvolen, 1.-2. jún 2005
|
| 250 |
|
|
|a [1. vyd.]
|
| 256 |
|
|
|a Elektronické dokumnety
|
| 260 |
|
|
|a Zvolen
|b Technická univerzita
|c 2005
|
| 300 |
|
|
|a 1 elektronický optický disk (CD-ROM)
|c 12 cm
|
| 650 |
0 |
7 |
|a zahraničné investície
|2 SNKPH
|9 2650
|
| 650 |
0 |
7 |
|a drevospracujúci priemysel
|2 SNKPH
|9 1118
|
| 655 |
|
7 |
|a zborníky konferencií
|2 SNKPH
|9 70153
|
| 655 |
|
7 |
|a abstrakty
|2 SNKPH
|9 22516
|
| 655 |
|
7 |
|a CD-ROM
|2 SNKPH
|9 70236
|
| 919 |
|
|
|a 80-228-1445-8
|
| 999 |
|
|
|c 825252
|d 827182
|
| 952 |
|
|
|a SNK
|b SNK
|y PREZ
|7 0
|p 17A0522654
|o snkSCDM 1028
|i snk2006/19346
|8 0
|0 0
|1 0
|4 0
|d 2006-09-29
|l 0
|r 2026-02-24 03:18:57
|w 2026-02-24
|
| 952 |
|
|
|a SNK
|b SNK
|y PREZ
|7 0
|p 17A0522653
|o snkSCDM 1028 D1
|i snk2006/19348
|8 0
|z CD
|0 0
|1 0
|4 0
|d 2006-09-29
|l 0
|r 2025-08-13 00:00:00
|w 2026-02-24
|